| 000 | 00406nam a2200157Ia 4500 | ||
|---|---|---|---|
| 008 | 210716s2001 xx 000 0 und d | ||
| 020 | _a0130141569 | ||
| 041 | _aeng | ||
| 082 | _a519.5 MEYR | ||
| 100 | _aKrueger, David;Meyer, Ruth. | ||
| 245 | _aMinitab guide to statistics. | ||
| 250 | _a2 | ||
| 260 |
_aNew Jersey _bPrentice Hall _c2001 |
||
| 300 | _a422 | ||
| 650 | _aStatistical Mathematics(519.5) | ||
| 999 |
_c202963 _d202963 |
||